000
00247nam a2200097Ia 4500
001
1118054
005
20250827004118.0
008
250824s9999 xx 000 0 und d
245
0
_a
BANA ALLAH YETER N2 24
_c
UĞUR KOŞAR
260
_b
DESTEK YAYINLARI
999
_c
1118054
_d
1118054